| 000 | 00403nam a2200157Ia 4500 | ||
|---|---|---|---|
| 003 | GCL | ||
| 008 | 140319s9999 xx 000 0 eng d | ||
| 040 |
_aGCL / _cGCL |
||
| 082 | 0 | 4 |
_a111.850903 _bE I |
| 100 | 1 | _aEAGLETON, TERRY | |
| 245 | 1 | 0 |
_aTHE IDEOLOGY OF THE AESTHETIC / _cEAGLETON, TERRY |
| 260 |
_a[S.N] : _bBasil Block Well Ltd |
||
| 650 | 0 | 4 | _aMODERN |
| 650 | 0 | 4 | _aAESTHETICS |
| 942 |
_2ddc _cBK |
||
| 999 |
_c10315 _d10315 |
||